000 00852nam a2200253Ia 4500
003 OSt
005 20220923223911.0
006 a|||||r|||| 00| 0
007 ta
008 220922b |||||||| |||| 00| 0 hin d
024 _a223,080
037 _cTextual
040 _aARTS
_cARTS
_bhin
041 _2hin
_ahin
082 _aO152,1J56x, N4
100 _aमिश्र, सत्यप्रकाश, संपा.
245 0 _aरहीम रचनावली
246 _aRahīm rachanāvalī
260 _aइलाहाबाद
_b लोकभारती प्रकाशन
_c2004
300 _a164पृ.
_ccm.
650 _aहिन्दी साहित्य
_9156264
942 _hO152,1J56x, N4
_cTEXL
_2CC
999 _c368096
_d368096